Quizzes
Events
Quiz Creation
Community
Videos
Private Events
Remove Ads
Sign In
Join for FREE
Feedback
Dark Mode
Quiz Categories
Sports
Geography
Music
Movies
Television
Just For Fun
Miscellaneous
History
Literature
Language
Science
Gaming
Entertainment
Religion
Holiday
For Kids
Quiz Lab
Recent
Popular Today
Quiz Kudos Today
Editor Picks
Curator Picks
Quizzes by...
Day
Popularity
Type
Ratings
Length
Year
Community
Subscriptions
Recent Discussions
Orange Saloon
Badges
Playlists
Quests
Create
Leaderboards
Showdown
Live 5
Trivia Bingo
Activity
Puzzle Library
Sporcle Events
Private Events
Virtual Trivia
Globe League
Become a Host
Pub Owners
SporcleCon
Opinionation
Our Games
Videos
Blog
Mobile Apps
Partnerships
Remove Ads and Go Orange
Feedback
Sports
Athletes
MLB
NBA
NHL
NFL
Soccer
Sports Teams
WWE
NCAA
Football
Premier League
Basketball
Baseball
Hockey
Golf
Tennis
Cricket
Rugby
Auto Racing
Olympics
World Cup
Sports
Athletes
MLB
NBA
NHL
NFL
Soccer
Sports Teams
WWE
NCAA
Football
Premier League
Basketball
Baseball
Hockey
Golf
Tennis
Cricket
Rugby
Auto Racing
Olympics
World Cup
Random Quiz
Search Sporcle
×
Quiz Lab
Quiz Lab
Sports
Premier League
Type in answers that appear in a list
Type in answers that appear in a list
Classic
Best Score? Go Orange.
Sam Allardyce's Wst Ham Starters Stats
Can you name the players who have started League games for West Ham under Sam Allardyce (Premier League & Championship)?
By
Beano73
8m
47 Questions
134 Plays
134 Plays
134 Plays
Comments
Comments
Give Quiz Kudos
Give Quiz Kudos
-
- Ratings
hide this ad
Replay
Link that replays current quiz
Next Quiz
Link to next quiz in quiz playlist
You Got
0%
They Got
Avg Score
55%
Avg Friend Score
Upgrade to see
Score Distribution
Jump to the score distribution portion of the page
Score
0/47
Timer
08:00
0
Plays Today
Answer
% Correct
Kevin NOLAN
92.5%
Mark NOBLE
91%
Danny COLLINS
88.8%
James COLLINS
88.8%
ADRIAN
87.3%
Andy CARROLL
87.3%
Carlton COLE
85.8%
Joe COLE
85.8%
Winston REID
81.3%
James TOMKINS
80.6%
Ricardo VAZ TE
75.4%
Robert GREEN
74.6%
Matthew JARVIS
73.9%
Stewart DOWNING
73.1%
Joey O'BRIEN
71.6%
Jack COLLISON
69.4%
Guy DEMEL
68.7%
Jussi JAASKELAINEN
68.7%
George McCARTNEY
66.4%
Matthew TAYLOR
61.2%
Scott PARKER
60.4%
Mo DIAME
59%
Sam BALDOCK
53%
Abdoulaye FAYE
53%
Answer
% Correct
Nicky MAYNARD
53%
John CAREW
50.7%
Gary O'NEIL
50%
Frederic PIQUIONNE
45.5%
Julian FAUBERT
44.8%
Freddy SEARS
44%
Papa Boube DIOP
41.8%
Ravel MORRISON
41.8%
Roger JOHNSON
39.6%
Danny POTTS
38.1%
Henri LANSBURY
37.3%
Herita ILUNGA
35.8%
Modibo MAIGA
35.8%
Antonio NOCERINO
34.3%
Alou DIARRA
32.1%
Razvan RAT
29.9%
Manuel ALMUNIA
29.1%
Yossi BENAYOUN
28.4%
Frank NOUBLE
27.6%
Pablo ARMERO
23.9%
David BENTLEY
19.4%
Marouane CHAMAKH
18.7%
Emmanuel POGATETZ
13.4%
Quiz Playlist
Details
Report
Send in Message
Add To Playlist
Classic:
Type in answers that appear in a list
Last Updated: Feb 16, 2017
Quiz Scoreboard
CHALLENGE
Sign Up to Join the Scoreboard
Show All
Scores
Hide
Comments
May contain spoilers
Recently Published
Decade Duel: World Leaders
by jenniferyan
History
4m
Alphabetical 'K' Countries by Flag Minefield
by ylime102
Geography
3m
Pick 6: Fruits
by JohnFran
Miscellaneous
15s
More to Explore
Quiz From the Vault
Featured Blog Post
15 Basketball Trivia Facts You Can Be March Mad About
hide this ad
You Might Also Like...
Tags
Premier League Quiz
ham
League
Player
Premier
sam
Started
Starter
Under
West
Today's Top Quizzes in Sports
Browse Sports
hide this ad
Today's Top Quizzes in Premier League
Browse Premier League
Top Contributed Quizzes in Sports
1
Les joueurs à 100 buts en Ligue 1 Uber Eats
2
Pick 6: NFL Teams
3
2022 World Cup Stars
4
MLB 2 truths and a lie: Hall of Fame pitchers
5
Millionaire: NBA Finals Edition
6
Pick 6: Minor League Baseball
7
Criteria MLB: Left Handed Sluggers
8
Click the 1998 NBA Draft
9
Pick 6: Olympics
10
Don't Strike Out: 3000 Strikeouts
Explore More
Trending Topics
Crossword
Harry Potter
Kpop
Disney
Marvel
NBA
Anime
Soccer
The Office
WWE
Puzzle
Country
Pokémon
Song
NFL
hide this ad
More By:
Beano73
Quiz
Plays
Rating
Category
Featured
Created
West Ham 1980's players
983
4.00
Sports
Feb 6, 2011
'F' UK #1S
911
4.50
Music
Jun 16, 2011
Friday Night Dinner - Mega Quiz
431
Television
Apr 4, 2020
Fawlty Towers characters
401
4.33
Television
Feb 7, 2011
P Countries & Capitals
398
4.42
Geography
Mar 31, 2011
Go to Creator's Profile
Score Distribution
Quiz Creator Spotlight
Beano73
Follow
Send a Message
Quizzes Created
-
Created Quiz Play Count
-
More By This Creator
Popular Quizzes Today
1
Countries of Asia Without Outlines Minefield
2
Find the US States - No Outlines Minefield
3
Pick 6: Fruits
4
Alphabetical 'K' Countries by Flag Minefield
5
The Countries of the World
6
Find the Countries of Europe - No Outlines Minefield
7
Find the US States
8
US States
More Sports Quizzes
Did They Play More Games in the AL or NL?
Published
Trending Quizzes
Pick 6: Mountains
Pick 6: Harry Potter
Pick 6: Flags
Pick 6: NFL Teams
Pick 6: Movie Franchises
Recently Updated
NWSL Teams
pecheneg
Women's Final Four Teams by Year
bhenderson79
Presidents Quartet II
eogle
Anything But Clue(do)
eogle
Anything But Oceanian Capitals
eogle
Anything But 7
eogle
Anything But Thing
eogle
Word Ladder: February 29
pecheneg
Song Title Questions
pecheneg
Women's NCAA Tournament #1 Seeds
pecheneg
Trending Topics
Harry Potter
Kpop
Crossword
Disney
Marvel
Anime
NBA
Country
The Office
Soccer
NFL
Song
Puzzle
WWE
Pokémon
Your Account Isn't Verified!
In order to create a playlist on Sporcle, you need to verify the email address you used during registration. Go to your
Sporcle Settings
to finish the process.
Report this User
Report this user for behavior that violates our
Community Guidelines
.
Details:
Send Report
Go to the Sporcle.com Mobile Site →
Comments